Corporate social responsibility in India (Record no. 182844)

MARC details
000 -LEADER
fixed length control field 00415nam a2200157Ia 4500
005 - DATE AND TIME OF LATEST TRANSACTION
control field 20250429172954.0
008 - FIXED-LENGTH DATA ELEMENTS--GENERAL INFORMATION
fixed length control field 231217s9999 xx 000 0 und d
020 ## - INTERNATIONAL STANDARD BOOK NUMBER
International Standard Book Number 9780761936282
082 ## - DEWEY DECIMAL CLASSIFICATION NUMBER
Classification number 658.408 AGA;1 R
100 ## - MAIN ENTRY--PERSONAL NAME
Personal name Agarwal, Sanjay K.
245 #0 - TITLE STATEMENT
Title Corporate social responsibility in India
260 ## - PUBLICATION, DISTRIBUTION, ETC. (IMPRINT)
Date of publication, distribution, etc. 2008
Name of publisher, distributor, etc. Response
Place of publication, distribution, etc. New Delhi
300 ## - PHYSICAL DESCRIPTION
Extent 351
500 ## - GENERAL NOTE
General note Content page available
942 ## - ADDED ENTRY ELEMENTS (KOHA)
Koha item type Books
Holdings
Date last seen Total Checkouts Full call number Accession number Old discount Uniform Resource Identifier Cost, replacement price Price effective from Category Lost status Damaged status Department Withdrawn status bill no. bill date Permanent Location Current Location Shelving location Entry date Vendor Cost, normal purchase price Grants Currency symbol Conversion rate Discount Discount type Checked out Date checked out
26/01/2024   658.408 AGA;1 R 53624 20 digital/contents/53624.pdf 300.00 26/01/2024 Books     Central Library   0809/2857 23/08/2012 Central Library Central Library Central Library 24/03/2009 Surya Infotainment Products Pvt. Ltd. 375.00 MBA RS 1 75 Rupees    
16/03/2026 1 658.408 AGA;2 R1 54868 25 digital/contents/53624.pdf 281.25 26/01/2024 Books     Central Library   2009/CRB/0000503 26/01/2013 Central Library RFID Kiosk MBA 22/07/2009 Intact Book House Pvt Ltd 375.00 MBA RS 1 93.75 Rupees 30/03/2026 16/03/2026

© For any Suggestions or Query, please contact the library staff @ librarian@pes.edu or Phone: +9180 2672 1983/ 2108.